| 000 | 01135nam0a22002771 4500 | ||
|---|---|---|---|
| 001 | rc\1030289 | ||
| 005 | 20250622083852.0 | ||
| 035 | _a(NLR Aleph) 006194057 | ||
| 090 |
_a6196910 _c6196910 |
||
| 100 | _a20041129d1981 |||y0rusy50 ca | ||
| 101 | 0 | _arus | |
| 102 | _aRU | ||
| 105 | _aa ||||||||| | ||
| 200 | 1 |
_aТеория систем в приложении к проблемам защиты окружающей среды _f[А. Колорни, Г. Фронца, А. Лепски и др.] _gПод ред. С. Ринальди _gПер. с итал. В.Е. Ципенюка, В.Е. Краскевича |
|
| 210 |
_aКиев _cВища школа _d1981 |
||
| 215 |
_a263 с. _cил. _d22 |
||
| 300 | _aПеревод изд.: Ingegneria sistemistica ambientale (Clup cooperativa libr. Univ. del politecnico) | ||
| 300 | _aАвт. указаны на 5-й с. | ||
| 320 | _aБиблиогр. в конце глав | ||
| 701 | 1 |
_aКолорни _bА. |
|
| 702 | 1 |
_aРинальди _bС. _gСерджио _4340 |
|
| 801 | 0 |
_aRU _bNLR _gpsbo |
|
| 801 | 1 |
_aRU _bELAR _2rusmarc |
|
| 852 |
_aNLR _j81-5/3615 |
||
| 942 | _cBOOK | ||
| 980 | _aNB | ||